000 00845nam a22002537a 4500
003 DO-SdBNP
005 20230310140614.0
007 ta
008 211020b2019 dr ||||| |||| 00| 0 spa d
040 _aDO-SdBNP
_bspa
_cBNPHU
082 4 _a231
_bR618e
_222
100 1 _aRivas Pérez, Idalsinaris,
_d1943-
_980287
245 1 3 _aEl amor y el bien triunfarán /
_cIdalsinaris Rivas Pérez.
260 _aSanto Domingo :
_bPublicaciones Libertad,
_c2019.
300 _a173 p. ;
_c21 cm.
500 _aIncluye datos biográficos de la autora en la contracubierta.
590 _aInventariado, 2021 /LP
650 4 _aDios
_91305
650 4 _aInterpretación de la biblia
_91107
650 4 _aExistencia de Dios
_936001
650 4 _aPaternidad de Dios
_979316
910 _aLopérez /Validado. Control de calidad MFF
942 _2ddc
_cLBS1
999 _c50787
_d50787